| 000 | 01480nam a22003734a 4500 | ||
|---|---|---|---|
| 001 | ebr10015414 | ||
| 003 | CaPaEBR | ||
| 006 | m u | ||
| 007 | cr cn||||||||| | ||
| 008 | 000114s2000 enk sb 001 0 eng | ||
| 010 | _z 00022264 | ||
| 020 | _z074531614X (hbk) | ||
| 040 |
_aCaPaEBR _cCaPaEBR |
||
| 035 | _a(OCoLC)133166885 | ||
| 050 | 1 | 4 |
_aJZ5538 _b.G35 2000eb |
| 082 | 0 | 4 |
_a327.1/72 _221 |
| 100 | 1 | _aGaltung, Johan. | |
| 245 | 1 | 0 |
_aSearching for peace _h[electronic resource] : _bthe road to TRANSCEND / _cJohan Galtung and Carl G. Jacobsen ; with contributions by Kai Frithjof Brand-Jacobsen and Finn Tschudi. |
| 260 |
_aLondon ; _aSterling, Va. : _bPluto Press in association with TRANSCEND, _c2000. |
||
| 300 | _aviii, 290 p. | ||
| 490 | 1 | _aPeace by peaceful means | |
| 504 | _aIncludes bibliographical references and index. | ||
| 533 |
_aElectronic reproduction. _bPalo Alto, Calif. : _cebrary, _d2013. _nAvailable via World Wide Web. _nAccess may be limited to ebrary affiliated libraries. |
||
| 650 | 0 | _aPeace. | |
| 650 | 0 | _aConflict management. | |
| 650 | 0 |
_aWar _vCase studies. |
|
| 655 | 7 |
_aElectronic books. _2local |
|
| 700 | 1 |
_aJacobsen, C. G. _q(Carl G.) |
|
| 700 | 1 | _aBrand-Jacobsen, Kai Frithjof. | |
| 700 | 1 | _aTschudi, Finn. | |
| 710 | 2 | _aebrary, Inc. | |
| 830 | 0 | _aPeace by peaceful means. | |
| 856 | 4 | 0 |
_uhttp://site.ebrary.com/lib/rucke/Doc?id=10015414 _zAn electronic book accessible through the World Wide Web; click to view |
| 999 |
_c11685 _d11685 |
||